| 000 | 00976nam a2200217 a 4500 | ||
|---|---|---|---|
| 005 | 20250325063815.0 | ||
| 008 | 081107s1981 fr r 000 0 fre d | ||
| 020 | _a9280320831 | ||
| 035 | _aUPN01000165322 | ||
| 049 | _aUNE | ||
| 050 | 4 |
_aLC1037 _bE3.8 |
|
| 245 | 0 | 0 |
_aEducation, travail et emploi / _cJacques Hallak ... [et al. ]. |
| 260 |
_aParis : _bUNESCO, Institut international de Planification de l'Education, _c1981. |
||
| 300 |
_a2 v. : _btablas, mapas |
||
| 500 | _aTambién localizas un ejemplar en Colección General | ||
| 505 | 8 |
_aContenido: _gv.1. _tEducation, formation et accés au marché du travail -- _gv.2. _tLa segmentation des marchés du travail -- La démocratie dans l'entreprise et la planification de l'éducation -- Planification de l'éducation et l'entreprise individuelle |
|
| 650 | 4 |
_aTransición de la escuela al trabajo _921453 |
|
| 650 | 4 |
_aJuventud _xEmpleo _99373 |
|
| 700 | 1 |
_aHallak, Jacques, _d1937- _ecoaut. _928384 |
|
| 905 | _aLibro | ||
| 999 |
_c137434 _d137434 |
||